[Event "4th Open"]
[Site "Rhone FRA"]
[Date "2008.04.18"]
[Round "9"]
[White "Goossens,E"]
[Black "Safranska,A"]
[Result "0-1"]
[WhiteElo "2278"]
[BlackElo "2299"]

1.e4 g6 2.d4 Bg7 3.Nc3 c6 4.Nf3 d6 5.Bg5 Bg4 6.Qd2 Qa5 7.Bc4 Bxf3 8.gxf3 e6
9.Bb3 Nd7 10.h4 h6 11.Bf4 d5 12.O-O-O O-O-O 13.exd5 cxd5 14.h5 g5 15.Bh2 Ne7
16.Qd3 a6 17.Rhe1 Nc6 18.f4 Bxd4 19.f5 Nc5 20.Qg3 Bxc3 21.bxc3 Ne4 22.Rxe4 dxe4
23.Rxd8+ Rxd8 24.Kb2 exf5 25.Bxf7 f4 26.Qg4+ Kb8 27.Bb3 Qe5 28.Qe2 Na5  0-1

[Event "IX EICC"]
[Site "Plovdiv BUL"]
[Date "2008.04.21"]
[Round "1"]
[White "Reutsky,S"]
[Black "Svetushkin,D"]
[Result "1/2-1/2"]
[WhiteElo "2302"]
[BlackElo "2568"]

1.e4 g6 2.d4 Bg7 3.Nc3 c6 4.Nf3 d6 5.Be3 Nf6 6.Qd2 O-O 7.Bd3 Bg4 8.h3 Bxf3
9.gxf3 d5 10.O-O-O c5 11.dxc5 d4 12.Bc4 e5 13.Bg5 Nbd7 14.Nd5 Nxc5 15.h4 Rc8
16.h5 Ne6 17.Bxf6 Bxf6 18.Nxf6+ Qxf6 19.Bxe6 Qxe6 20.Kb1 Rc6 21.f4 Rfc8 22.Rc1 Ra6
23.b3 Qd6 24.hxg6 fxg6 25.fxe5 Qxe5 26.Qh6 Rc7 27.Qh2 Qa5 28.a4 Qc5 29.Qh4 Re7
30.Qf4 Rd6 31.Rh3 Rf7 32.Qd2 Rdf6 33.Rf1 Rf4 34.f3 Qc3 35.Qe2 Kg7 36.Rfh1 h5
37.Qb5 Qc6 38.Qg5 Qf6 39.Rxh5 Qxg5 40.Rxg5 Rxf3 41.Rd5 Rf1+ 42.Rxf1 Rxf1+
43.Kb2 Rf4 44.Rd7+ Rf7 45.Rxd4 g5 46.Kc3 Kf6 47.Kd3 Ke5 48.Rd5+ Kf4 49.e5 Re7
50.Rd4+ Kxe5 51.Re4+ Kf6 52.Rxe7 Kxe7 53.Ke4 Kf6 54.b4 g4 55.c4 g3 56.Kf3 Ke5
57.a5 Kd4 58.a6 bxa6 59.c5 Kd5 60.Kxg3  1/2-1/2

[Event "IX EICC"]
[Site "Plovdiv BUL"]
[Date "2008.04.24"]
[Round "4"]
[White "Ter Sahakyan,S"]
[Black "Minasian,Art"]
[Result "1/2-1/2"]
[WhiteElo "2449"]
[BlackElo "2574"]

1.e4 g6 2.d4 Bg7 3.Nc3 c6 4.Be3 d5 5.Qd2 dxe4 6.Nxe4 Nd7 7.Ne2 Ndf6 8.N2c3 Nd5
9.O-O-O Bf5 10.Nxd5 Qxd5 11.Nc3 Qd7 12.d5 Nf6 13.dxc6 Qxd2+ 14.Rxd2 bxc6
15.f3 Be6 16.Na4 Nd5 17.Bd4 f6 18.Rd1 O-O 19.a3 Bf7 20.Ba6 Rfb8 21.Rhe1 e5
22.Bc5 Nc7 23.Bd3 Nd5 24.Ba6 Nc7  1/2-1/2

[Event "TCh-HUN 2007-8"]
[Site "Budapest HUN"]
[Date "2008.04.27"]
[Round "10"]
[White "Groszpeter,A"]
[Black "Boguszlavszkij,J"]
[Result "1-0"]
[WhiteElo "2540"]
[BlackElo "2304"]

1.e4 g6 2.d4 Bg7 3.Nc3 c6 4.Nf3 d5 5.Bf4 Bg4 6.h3 Bxf3 7.Qxf3 dxe4 8.Nxe4 Qxd4
9.c3 Qb6 10.Bc4 Nf6 11.Nxf6+ Bxf6 12.O-O-O O-O 13.h4 Qc5 14.Bb3 a5 15.a3 Na6
16.h5 g5 17.Bd6 exd6 18.Qxf6 Qe5 19.Rxd6 Qxf6 20.Rxf6 Nc7 21.h6 a4 22.Bc4 Ra5
23.Rd1 Rc5 24.Bxf7+ Kh8 25.Rd7  1-0

[Event "TCh-HUN 2007-8"]
[Site "Budapest HUN"]
[Date "2008.04.27"]
[Round "10"]
[White "Torma,R"]
[Black "Butunoi,A"]
[Result "0-1"]
[WhiteElo "2337"]
[BlackElo "2403"]

1.e4 g6 2.d4 Bg7 3.Nc3 c6 4.Nf3 d6 5.Bc4 b5 6.Bb3 a5 7.a4 b4 8.Ne2 Nf6 9.e5 Nd5
10.Nf4 e6 11.Nd3 O-O 12.O-O Ba6 13.Re1 Nd7 14.Bg5 Qe8 15.exd6 Bxd3 16.Qxd3 N7b6
17.Bxd5 Nxd5 18.Nd2 Qd7 19.Nc4 Rfb8 20.Bh4 Nb6 21.Bg3 Nxc4 22.Qxc4 Bf8 23.Qc5 Rd8
24.c3 Bxd6 25.Bxd6 Qxd6 26.Re5 Qb8 27.Qxc6 Rc8 28.Qb5 Qxb5 29.Rxb5 bxc3 30.bxc3 Rxc3
31.d5 exd5 32.Rxd5 Rac8 33.Kf1 R3c5 34.Rad1 Kf8 35.Rxc5 Rxc5 36.Rd4 Ke7 37.Ke2 Rc2+
38.Ke3 Ke6 39.g3 f5 40.h3 h5 41.h4 Ra2 42.Rf4 Ra3+ 43.Kd2 Kd5 44.Kc2 Kc5
45.Kb2 Rd3 46.Kc2 Rd4 47.Kc3 Re4 48.f3 Re3+ 49.Kd2 Rb3 50.Kc2 Rb4 51.Kc3 Rb1
52.Rc4+ Kd5 53.Rd4+ Ke6 54.f4 Rc1+ 55.Kb2 Re1 56.Rd3 Re4 57.Kb3 Rb4+ 58.Ka3 Rc4
59.Kb3 Re4 60.Ka3 Ke7 61.Kb3 Rb4+ 62.Ka3 Ke6 63.Rd2 Rb6 64.Rd1 Rd6 65.Re1+ Kd5
66.Rd1+ Kc6 67.Rc1+ Kd7 68.Rc3 Rd4 69.Kb3 Kd6 70.Re3 Rb4+ 71.Ka3 Re4 72.Rd3+ Kc5
73.Kb3 Rb4+ 74.Ka3 Rd4 75.Rc3+ Kd5 76.Kb3 Rb4+ 77.Ka3 Rc4 78.Rd3+ Rd4 79.Re3 Kc4
80.Kb2 Rd3 81.Re5 Kb4  0-1

[Event "26th Liechtenstein Open"]
[Site "Triesen LIE"]
[Date "2008.04.28"]
[Round "4"]
[White "Bacholke,M"]
[Black "Peredy,F"]
[Result "1/2-1/2"]
[WhiteElo "2099"]
[BlackElo "2268"]

1.e4 g6 2.d4 Bg7 3.Nc3 c6 4.Be3 d5 5.Be2 dxe4 6.Nxe4 Nd7 7.Nf3 Ngf6 8.Nxf6+ Nxf6
9.Qd2 Ne4 10.Qc1 O-O 11.O-O Re8 12.c3 a5 13.Bh6 a4 14.Bxg7 Kxg7 15.Ne5 f6
16.Nc4 Be6  1/2-1/2

[Event "Open"]
[Site "Halkidiki GRE"]
[Date "2008.04.29"]
[Round "1"]
[White "Ketzetzis,G"]
[Black "Shavtvaladze,N"]
[Result "0-1"]
[WhiteElo "2068"]
[BlackElo "2437"]

1.e4 g6 2.d4 Bg7 3.Nc3 c6 4.Bc4 d6 5.Nf3 Nf6 6.e5 dxe5 7.Nxe5 O-O 8.O-O Bf5
9.Re1 Nbd7 10.Bg5 Nb6 11.Qd2 Nxc4 12.Nxc4 Re8 13.Ne3 Be6 14.Rad1 Qc7 15.Bxf6 Bxf6
16.Ne4 Bg7 17.Ng5 Bd7 18.c4 Rad8 19.Qe2 Qf4 20.Nf3 Bc8 21.d5 e5 22.h3 e4
23.Nd4 Be5 24.Nf1 cxd5 25.cxd5 Rxd5 26.Nb3 Rxd1 27.Rxd1 Bc7 28.Qb5 Qe5 29.Rd5 Qe7
30.Ne3 Bb6 31.Nd4 Rd8 32.Re5 Qf6 33.Re8+ Kg7 34.Rxd8 Qxd8 35.Ndc2 Qf6 36.Qc4 Be6
37.Qxe4 Qxb2 38.a4 Bc7 39.g3 Bxh3 40.Nd4 Bd7 41.Qd5 Qc1+ 42.Kh2 Bc6 43.Nxc6 Qxc6
44.Qd4+ f6 45.Nd5 Be5 46.Qd1 Qc4 47.Ne3 Qd4 48.Qb3 Qb2 49.Qd3 Qxf2+ 50.Ng2 Qd4
51.Qb5 b6 52.Qe8 Qd6  0-1

[Event "IX EICC"]
[Site "Plovdiv BUL"]
[Date "2008.05.01"]
[Round "10"]
[White "Kosic,D"]
[Black "Lenic,L"]
[Result "1/2-1/2"]
[WhiteElo "2500"]
[BlackElo "2584"]

1.d4 g6 2.e4 Bg7 3.Nc3 c6 4.Nf3 d5 5.h3 Nh6 6.Bd3 f6 7.O-O Nf7 8.Ne2 e5 9.dxe5 fxe5
10.Ng3 O-O 11.Qe2 Nd7 12.c3 Nc5 13.Bc2 b6 14.Rd1 a5 15.Be3 Ra7 16.Rd2 Rd7
17.Rad1 Ba6 18.Qe1 Bb7 19.h4 Qf6 20.h5 Re8 21.hxg6 hxg6 22.b4 axb4 23.cxb4 Ne6
24.exd5 cxd5 25.Ba4 Red8 26.Bxb6 Nf4 27.Bxd8 Rxd8 28.Bb3 Kh7 29.Qf1 e4 30.Nd4 Ne5
31.Nc2 Qh4 32.Ne3 d4 33.Rxd4 Nf3+ 34.gxf3 Bxd4 35.Rxd4 Rxd4 36.Qb5 Bc8 37.Qe8 Rd8
38.Qf7+ Kh8 39.fxe4 Ba6 40.Nd5 Ne2+ 41.Nxe2 Bxe2 42.Qf4 Qh5 43.Kg2 Rc8 44.Nf6 Bf1+
45.Kxf1 Rc1+ 46.Qxc1 Qh1+ 47.Ke2 Qxc1 48.Nd5 g5 49.b5 Qc5 50.b6 Kg7 51.Kf3 Qd4
52.Kg4 Kg6 53.Kf3 Kh5 54.Kg3 Qe5+ 55.Kf3 Qd4 56.Kg3 Qd3+ 57.f3 Qd4 58.b7 Qe5+
59.Kh3 Qb8 60.Nf6+ Kg6 61.Ng4 Qxb7 62.Ne5+ Kh5 63.Bf7+ Kh6 64.Ng4+ Kg7 65.Bd5 Qb2
66.Kg3 Qd2 67.Bb3 Qf4+ 68.Kf2 Qd2+ 69.Kg3 Qf4+ 70.Kf2 Kg6 71.Ne3 Qh2+ 72.Ng2 Kf6
73.Bd5 Qc7 74.Bb3 Ke5 75.Bd5 Kd4 76.Bb3 Qh2 77.Bd5 Qe5 78.Bb3 Kd3 79.Bd5 Qd4+
80.Kf1 Kd2 81.Bb3 Qd3+ 82.Kf2 Qe2+ 83.Kg3 Qf1 84.Bd5 Qc1 85.Kf2 Qc5+ 86.Kf1 Kd3
87.Bb3 g4 88.fxg4 Kxe4 89.Bd1 Qc1 90.Ke2 Qb2+ 91.Kf1 Qxa2 92.Be2 Qa7 93.Bd1 Qb6
94.Be2 Qd4 95.Nh4 Kf4 96.Nf5 Qd2 97.Kf2 Qc1 98.Bf1 Qc5+ 99.Ke2 Qc2+ 100.Ke1 Qc3+
101.Kf2 Qf3+ 102.Ke1 Qxg4 103.Bd3 Qg2 104.Kd1 Qf2 105.Bc2 Ke5 106.Kc1 Kd5
107.Kb2 Kc4 108.Nd6+ Kb4 109.Ne4 Qe3 110.Bb1 Qa3+ 111.Kc2 Kc4 112.Nd2+ Kc5
113.Nb3+ Kb4 114.Nd2 Qc3+ 115.Kd1 Qe3 116.Kc2 Qc3+ 117.Kd1 Qb2 118.Bc2 Kc3
119.Nb1+ Kd4 120.Nd2 Qa1+ 121.Nb1 Ke3 122.Kc1 Qd4 123.Bb3 Qa1 124.Kc2 Kd4
125.Kc1 Kd3 126.Bc2+ Ke3 127.Bb3 Qd4 128.Kc2 Ke2 129.Nc3+ Ke1 130.Nb1 Ke2
131.Nc3+ Ke3 132.Nb1 Qd3+ 133.Kb2 Kd4 134.Bc2 Qe3 135.Bb3 Kc5 136.Nc3 Qd2+
137.Bc2 Kc4 138.Nb1 Qe1 139.Bb3+ Kb4 140.Bc2 Qe3 141.Bd1 Qe5+ 142.Kc1 Qe1
143.Kc2 Qe3 144.Kb2 Qe5+ 145.Kc1 Qe1 146.Kc2 Qf2+ 147.Kc1 Kc4 148.Bc2 Qe1+
149.Kb2 Kd4 150.Kb3 Qc1 151.Na3 Qe3+ 152.Kb2 Qc3+ 153.Ka2 Ke3 154.Bb3 Qc1
155.Bc2 Qh1 156.Nb1 Qd5+ 157.Kb2  1/2-1/2

[Event "Victory Day A"]
[Site "Moscow RUS"]
[Date "2008.05.03"]
[Round "10"]
[White "Mongontuul,B"]
[Black "Komliakov,V"]
[Result "1-0"]
[WhiteElo "2402"]
[BlackElo "2444"]

1.e4 g6 2.d4 Bg7 3.Nc3 c6 4.Nf3 d6 5.Be3 b5 6.Bd3 Nd7 7.h3 Bb7 8.O-O a6 9.a4 b4
10.Ne2 c5 11.c3 cxd4 12.cxd4 Ngf6 13.Ng3 O-O 14.a5 d5 15.e5 Ne4 16.Bxe4 dxe4
17.Ng5 Bd5 18.N5xe4 f5 19.exf6 exf6 20.Nc5 Nxc5 21.dxc5 f5 22.Bd4 Bc4 23.Bxg7 Kxg7
24.Re1 Qxd1 25.Raxd1 Rac8 26.Rc1 Bf7 27.Re7 Rfe8 28.Rb7 Re5 29.c6 Rxa5 30.Rxb4 Re5
31.Rb6 a5 32.c7 Re7 33.Rbc6 Kf8 34.Nf1 Re2 35.Rb6 Ke7 36.Ne3 Rd2 37.g4 Kd7
38.gxf5 Rxc7 39.Ra1 gxf5 40.Rxa5 f4 41.Ng4 Rc1+ 42.Kh2 Kc7 43.Rf6 Bd5 44.Rxf4 Kb6
45.b4 Bc6 46.Rh5 Rh1+ 47.Kg3 Rg1+ 48.Kh4 Rd3 49.Rxh7 Rh1 50.Ne3 Bd7 51.Kg3 Bc6
52.Rh6 Rc1 53.Kh4 Kb5 54.Rh5+ Ka6 55.Rc5 Rxc5 56.bxc5 Kb5 57.Rf5 Rd2 58.Kg3 Bd7
59.Re5 Bxh3 60.Kxh3 Rxf2 61.Nf5 Rf4 62.Kg3 Ra4 63.Nd6+ Kc6 64.Ne4 Ra1 65.Kg4 Rg1+
66.Kf5 Rf1+ 67.Ke6 Rh1 68.Rf5 Rd1 69.Rf6 Rd5 70.Rh6 Rd3 71.Ke5+ Kc7 72.Nf6 Kc6
73.Ne4+ Kc7 74.Rd6 Re3 75.Kd4 Re2 76.Nc3  1-0

[Event "FSIM May"]
[Site "Budapest HUN"]
[Date "2008.05.10"]
[Round "8"]
[White "Liu Qingnan"]
[Black "Zimmerman,Y"]
[Result "1-0"]
[WhiteElo "2344"]
[BlackElo "2332"]

1.e4 g6 2.d4 Bg7 3.Nc3 c6 4.f4 d5 5.e5 h5 6.Nf3 Nh6 7.Be3 Bg4 8.h3 Nf5 9.Bf2 Bxf3
10.Qxf3 e6 11.g4 Ne7 12.Bh4 Nd7 13.Bd3 c5 14.Nb5 cxd4 15.Nxd4 Qb6 16.Nb5 hxg4
17.hxg4 g5 18.Bxg5 Rxh1+ 19.Qxh1 Qe3+ 20.Be2 Nxe5 21.fxe5 Qxg5 22.Nc7+ Kd7
23.Nxa8 Bxe5 24.Qf3 f6 25.c3 Qg8 26.Bb5+ Nc6 27.O-O-O Qxa8 28.c4 d4 29.Rh1 Qg8
30.Qe4 Qg5+ 31.Kc2 Kd6 32.Bxc6 bxc6 33.b4 Ke7 34.Rh7+ Kf8 35.Rh8+ Kf7 36.Rh7+ Kf8
37.Rxa7 Qh4 38.Qxc6 d3+ 39.Kb3  1-0

[Event "Kaupthing Open"]
[Site "Differdange LUX"]
[Date "2008.05.10"]
[Round "1"]
[White "Schweitzer,V"]
[Black "Ajrapetjan,Y"]
[Result "1/2-1/2"]
[WhiteElo "2218"]
[BlackElo "2504"]

1.e4 g6 2.d4 Bg7 3.Nc3 c6 4.Nf3 d6 5.a4 Nf6 6.h3 O-O 7.Be2 Nbd7 8.O-O e5
9.dxe5 dxe5 10.Be3 Qe7 11.Qd3 Nh5 12.Rfd1 Nf4 13.Qc4 Nxe2+ 14.Nxe2 Re8 15.a5 Bf8
16.a6 bxa6 17.Qxc6 Rb8 18.b3 Nb6 19.Bg5 Bb7 20.Bxe7 Bxc6 21.Bxf8 Kxf8 22.Nc3 Bb7
23.Nd5 f5 24.Nxb6 axb6 25.exf5 gxf5 26.Rd7 Bxf3 27.gxf3 Re7 28.Rxe7 Kxe7
29.Rxa6 Kd6 30.Ra7 Rc8 31.c4 Kc5 32.Rxh7 Kb4 33.Rb7 Kxb3 34.Rxb6+ Kxc4 35.Rd6 Rh8
36.Kh2 f4 37.Rd1 Rh7 38.Rg1 Rh5 39.Rg4 Kd3 40.Kg2 Ke2 41.h4 Rh8 42.Rg5 Rxh4
43.Rxe5+ Kd2 44.Rg5 Rh8 45.Rg4 Rf8 46.Kf1 Kd3 47.Rg5 Kd4 48.Ra5 Rf7 49.Ke2 Re7+
50.Kd2 Rf7 51.Ra8 Ke5 52.Re8+ Kf5 53.Rd8 Ra7 54.Rd5+ Ke6 55.Rb5 Ra3 56.Ke2 Kf6  1/2-1/2

[Event "FSIM May"]
[Site "Budapest HUN"]
[Date "2008.05.14"]
[Round "12"]
[White "Sondermann,J"]
[Black "Horvath,And"]
[Result "0-1"]
[WhiteElo "2279"]
[BlackElo "2272"]

1.e4 g6 2.d4 Bg7 3.Nc3 c6 4.Bc4 d6 5.Qf3 e6 6.d5 b5 7.dxe6 fxe6 8.Bb3 Qe7
9.h4 Nf6 10.e5 dxe5 11.h5 Nxh5 12.Rxh5 gxh5 13.Ne4 Qf8 14.Qd3 Bf6 15.Nf3 Na6
16.Nxf6+ Qxf6 17.Bg5 Qg7 18.Qd8+ Kf7 19.Qe7+ Kg8 20.Qe8+ Qf8 21.Qxc6 h6 22.Bh4 Rb8
23.O-O-O Rb6 24.Qc3 Qf4+ 25.Kb1 Kh7 26.Bg3 Qf7 27.Nxe5 Qf5 28.Rd3 Rb7 29.Rf3 Rd8  0-1

[Event "Kaupthing Open"]
[Site "Differdange LUX"]
[Date "2008.05.15"]
[Round "7"]
[White "Boyarchenko,M"]
[Black "Schweitzer,V"]
[Result "0-1"]
[WhiteElo "1877"]
[BlackElo "2218"]

1.e4 g6 2.d4 c6 3.Nc3 Bg7 4.Nf3 d5 5.h3 dxe4 6.Nxe4 Nd7 7.Bd3 Ngf6 8.c3 Nxe4
9.Bxe4 Nf6 10.Bc2 O-O 11.O-O Qc7 12.Re1 Be6 13.Bd2 Rad8 14.Qc1 c5 15.Bf4 Qc6
16.Bb3 c4 17.Bd1 Rfe8 18.a4 Qc8 19.a5 Bd7 20.Ne5 Bb5 21.Bf3 Nd7 22.Bg4 e6
23.h4 Bc6 24.h5 Nxe5 25.Bxe5 f6 26.Bg3 g5 27.Be2 Bd5 28.Bf1 Qd7 29.Qc2 Bf8
30.Qd1 Bd6 31.Bxd6 Qxd6 32.Ra4 Rc8 33.h6 Qf8 34.Qh5 Qf7 35.Qh2 Rc6 36.Re3 Rec8
37.Rg3 Qc7 38.f4 Qxf4 39.Rb4 b6 40.axb6 Rxb6 41.Rxb6 axb6 42.Qh3 Ra8 43.Rg4 Qf5
44.Qh5 Qg6 45.Qh2 f5 46.Rg3 Ra1 47.Re3 f4 48.Re5 Kf7 49.g3 Qd3 50.Qf2 Rxf1+  0-1

[Event "Mayors Cup Open"]
[Site "Mumbai IND"]
[Date "2008.05.15"]
[Round "7"]
[White "Soumya,Sw"]
[Black "Rahman,Zia"]
[Result "0-1"]
[WhiteElo "2303"]
[BlackElo "2511"]

1.e4 g6 2.d4 Bg7 3.Nc3 c6 4.a4 d5 5.e5 Nh6 6.h3 f6 7.Nf3 Nf7 8.exf6 Bxf6
9.Bf4 Nd7 10.Be2 O-O 11.h4 e5 12.dxe5 Ndxe5 13.Nxe5 Bxe5 14.Bxe5 Nxe5 15.Qd4 Qf6
16.O-O-O Bf5 17.h5 g5 18.f4 gxf4 19.Qxf4 Be6 20.Qg3+ Qg7 21.Qh4 Rf5 22.Rhf1 Qg5+
23.Qxg5+ Rxg5 24.Rf2 Rf8 25.Rdf1 Rxf2 26.Rxf2 Kg7 27.b3 Bf7 28.Kd2 Bxh5 29.Bxh5 Rxh5
30.Ne2 Ng4 31.Rf3 Nf6 32.Nf4 Re5 33.Nd3 Ne4+ 34.Ke3 Re7 35.Kd4 Ng5 36.Rf2 Re4+
37.Kc3 Rg4 38.Kb2 Ne4 39.Re2 Kf6 40.Ne1 h5 41.Nf3 c5 42.Nd2 h4 43.Nf1 d4
44.Nd2 Nxd2 45.Rxd2 Ke5 46.Rf2 Rg7 47.Kc1 b6 48.Kd2 a6 49.Ke2 b5 50.axb5 axb5
51.Kf1 Rg4 52.Ke1 Rf4 53.Rd2 c4 54.bxc4 bxc4 55.Kd1 Kf5 56.Re2 Kg4 57.Re7 Kg3
58.Rb7  0-1

[Event "Mayors Cup Open"]
[Site "Mumbai IND"]
[Date "2008.05.18"]
[Round "10"]
[White "Pranav,S"]
[Black "Swayams,M"]
[Result "1-0"]
[WhiteElo "2100"]
[BlackElo "2235"]

1.e4 g6 2.d4 c6 3.Nc3 Bg7 4.Be3 d5 5.Qd2 dxe4 6.Nxe4 Nd7 7.Nf3 Ngf6 8.Ng3 O-O
9.O-O-O Nb6 10.Bh6 Qd5 11.b3 Qd6 12.Bxg7 Kxg7 13.Kb2 a5 14.c4 c5 15.Qg5 a4
16.Qxc5 Qd8 17.h4 axb3 18.axb3 Bg4 19.Be2 Nbd7 20.Qb4 b5 21.cxb5 Nd5 22.Qd2 N7f6
23.h5 Qd6 24.Ra1 Kg8 25.hxg6 fxg6 26.Bc4 Bxf3 27.gxf3 e6 28.Ne4 Qb6 29.Nc5 Qd6
30.Qe2 Nc7 31.Nxe6 Kh8 32.Qe5 Qb4 33.Rxa8 Qd2+ 34.Kb1  1-0

[Event "XXVII Open"]
[Site "Zalakarosi HUN"]
[Date "2008.05.26"]
[Round "5"]
[White "Papp,P"]
[Black "Bauer,D"]
[Result "1-0"]
[WhiteElo "2067"]
[BlackElo "1854"]

1.e4 g6 2.d4 c6 3.Nc3 Bg7 4.f4 d5 5.e5 h5 6.Nf3 Bg4 7.h3 Bxf3 8.Qxf3 e6 9.Bd3 h4
10.O-O Nh6 11.Be3 Nf5 12.Bf2 Nd7 13.Ne2 Bf8 14.b3 Be7 15.c4 Rc8 16.Rfc1 Nb8
17.Kh2 Kf8 18.Rab1 Kg7 19.b4 Qd7 20.Rc3 b5 21.c5 Qb7 22.a4 a6 23.Ra3 Nd7
24.Ng1 Ra8 25.Qe2 Nb8 26.Rba1 bxa4 27.Rxa4 Re8 28.Nf3 Rh8 29.Bxa6 Nxa6 30.Rxa6 Rxa6
31.Rxa6 Qxb4 32.Rxc6 Ra8 33.Rb6 Qc3 34.Rb2 Ra1 35.Rc2 Qa5 36.c6 Bd8 37.Rc5 Qa2
38.Qxa2 Rxa2 39.Bxh4 Nxh4 40.Nxh4 Bc7 41.Nf3 Ra4 42.Rc2 Kf8 43.Kg3 Ke7 44.Kf2 Kd8
45.g4 Bb6 46.Rd2 Rc4 47.h4 Rxc6 48.h5 gxh5 49.gxh5 Ke7 50.Kg3 Kf8 51.h6 Kg8
52.Kg4 Bd8 53.Kh5 Kh8 54.Ng5 Rc7 55.Rb2 Bxg5 56.Kxg5 Kh7 57.Kf6 Rc4 58.Rd2 Rc7
59.Rg2 Rc4 60.Kxf7 Rxd4 61.Rf2 Rd1 62.f5 exf5 63.e6 Ra1 64.e7 Ra7 65.Rxf5 Rb7
66.Rxd5 Rb5 67.Rxb5  1-0

[Event "XXX Nezhmetdinov Mem"]
[Site "Kazan RUS"]
[Date "2008.06.03"]
[Round "3"]
[White "Talov,N"]
[Black "Kupreichik,V"]
[Result "0-1"]
[WhiteElo "2041"]
[BlackElo "2414"]

1.e4 g6 2.d4 Bg7 3.Nc3 c6 4.f3 d5 5.Be3 dxe4 6.Nxe4 Qb6 7.b3 Nd7 8.Bc4 Ngf6
9.Nxf6+ Nxf6 10.Ne2 Nd5 11.Bf2 Qb4+ 12.Qd2 Qxd2+ 13.Kxd2 Bh6+ 14.Kd1 Ne3+
15.Bxe3 Bxe3 16.c3 h5 17.Kc2 Bh6 18.Ng3 h4 19.Ne4 Bf5 20.Rae1 O-O-O 21.Kb2 b5
22.Bf1 Bf4 23.Nc5 e5 24.dxe5 Rhe8 25.e6 Rd2+ 26.Ka1 Rd5 27.Ne4 Rxe6 28.Kb2 Kc7
29.a4 Rd2+ 30.Nxd2 Rxe1 31.Ne4 Be5 32.axb5 cxb5 33.Kc2 a5 34.Kd2 Rb1 35.Kc2 Ra1
36.Kb2 Re1 37.g4 Bxe4 38.fxe4 b4 39.Kc2 bxc3 40.h3 Kd6 41.Kd3 Rd1+ 42.Kc2 Rd2+
43.Kc1 Bf4  0-1

[Event "58th ch-RUS w HL"]
[Site "Chelyabinsk RUS"]
[Date "2008.06.05"]
[Round "2"]
[White "Akatova,E"]
[Black "Matveeva,S"]
[Result "1-0"]
[WhiteElo "2320"]
[BlackElo "2420"]

1.e4 g6 2.d4 Bg7 3.Nc3 c6 4.Be3 Qb6 5.Rb1 Nf6 6.f3 d6 7.Qd2 O-O 8.g4 Re8
9.h4 h5 10.e5 Nxg4 11.fxg4 Bxg4 12.e6 f5 13.Nh3 Na6 14.Nf4 Kh7 15.Bh3 Rf8
16.Bxg4 fxg4 17.Ne4 Bh6 18.Nxg6 Kxg6 19.Bxh6 Rf5 20.Ng3  1-0

[Event "TCh-ARM"]
[Site "Yerevan ARM"]
[Date "2008.06.16"]
[Round "1"]
[White "Pashikian,A"]
[Black "Minasian,Art"]
[Result "1/2-1/2"]
[WhiteElo "2537"]
[BlackElo "2574"]

1.e4 g6 2.d4 Bg7 3.Nc3 c6 4.Nf3 d6 5.h3 Nf6 6.Bd3 O-O 7.O-O Qc7 8.e5 dxe5
9.dxe5 Nd5 10.Nxd5 cxd5 11.Bf4 Nc6 12.Re1 Nb4 13.Qd2 Nxd3 14.cxd3 Be6 15.Bh6 Rfc8
16.Bxg7 Kxg7 17.Re2 Qb6 18.Qf4 Rc5 19.Nd4 Rac8 20.Qe3 Ra5 21.b3 Rc3 22.f4 Qa6
23.Rd2 Bf5 24.a4 Qb6 25.g4 Bd7 26.Re1 e6 27.Kh2 Rxb3 28.f5 Rb2 29.Rxb2 Qxb2+
30.Kg3 Rxa4 31.f6+ Kf8 32.Qh6+ Ke8 33.Qxh7 Qa3 34.Nf3 Bc6 35.h4 Qb4 36.Qg8+ Qf8
37.Qg7 Qb4 38.Qg8+ Qf8 39.Qg7 Qb4 40.Qg8+  1/2-1/2

[Event "FSGM June"]
[Site "Budapest HUN"]
[Date "2008.06.18"]
[Round "12"]
[White "Duong The Anh"]
[Black "Paschall,W"]
[Result "1/2-1/2"]
[WhiteElo "2403"]
[BlackElo "2330"]

1.d4 g6 2.e4 Bg7 3.Nc3 c6 4.Be3 d6 5.Qd2 Nd7 6.f3 Ngf6 7.h4 h5 8.Nh3 b5 9.Ng5 Qa5
10.Bd3 Rb8 11.O-O e5 12.dxe5 dxe5 13.a3 Qc7 14.Rfd1 Bf8 15.Qf2 a6 16.Bf1 Be7
17.Rd2 Nf8 18.Rad1 Ne6 19.Nxe6 Bxe6 20.Bc5 O-O 21.Bd6 Bxd6 22.Rxd6 Rfc8 23.Qg3 Ne8
24.R6d2 Kg7 25.Kh1 Kh7 26.Qg5 f6 27.Qe3 Qb6 28.Qxb6 Rxb6 29.Kg1 Kg7 30.Kf2 Kf7
31.Ke3 Ke7 32.Be2 Rbb8 33.f4 exf4+ 34.Kxf4 Nc7 35.b4 a5 36.e5 axb4 37.exf6+ Kxf6
38.axb4 Nd5+ 39.Nxd5+ Bxd5 40.Bf3 Rb6 41.Re2 Rb7 42.Bxd5 cxd5 43.Rxd5 Rc4+
44.Re4 Rxc2 45.Rd6+ Kf7 46.Kg3 Rc3+ 47.Kf2 Rc4  1/2-1/2

[Event "8th TCh-Euro U18 Girls"]
[Site "Szeged HUN"]
[Date "2008.06.20"]
[Round "6"]
[White "Uta,Ad"]
[Black "Gosciniak,M"]
[Result "1-0"]
[WhiteElo "1976"]
[BlackElo "2067"]

1.e4 g6 2.d4 Bg7 3.Nc3 c6 4.f4 d5 5.e5 Qb6 6.Nf3 Nh6 7.Na4 Qc7 8.Bd3 f6 9.Bd2 Nf7
10.Qe2 fxe5 11.fxe5 Bg4 12.O-O-O e6 13.h3 Bxf3 14.Qxf3 Nd7 15.Qg4 O-O-O 16.Qxe6 Nh6
17.Qe7 Bf8 18.Qh4 Ng8 19.Bxg6 Be7 20.Qh5 Ngf6 21.exf6 hxg6 22.Qxg6 Nxf6 23.Qf5+ Kb8
24.Bf4 Bd6 25.Bxd6 Qxd6 26.Nc5 b6 27.Ne6 Rdg8 28.Qxf6  1-0

[Event "White Nights Open"]
[Site "St Petersburg RUS"]
[Date "2008.06.22"]
[Round "2"]
[White "Belenkaya,D"]
[Black "Utkin,Alek"]
[Result "0-1"]
[WhiteElo "1938"]
[BlackElo "2420"]

1.e4 g6 2.d4 Bg7 3.Nc3 c6 4.Nf3 d5 5.Bd3 Bg4 6.exd5 cxd5 7.h3 Bxf3 8.Qxf3 Nf6
9.O-O Nc6 10.Ne2 O-O 11.c3 Qb6 12.Bf4 Rfe8 13.Rab1 Qa5 14.a3 Rad8 15.Rfe1 b5
16.Nc1 Qb6 17.Qe2 a6 18.Nb3 Nh5 19.Be3 Qc7 20.Nc5 e5 21.Nxa6 Qb6 22.Bxb5 exd4
23.Bxc6 dxe3 24.Nb4 Re6 25.Rf1 exf2+ 26.Qxf2 Rxc6 27.Nxc6 Qxc6 28.Qxf7+ Kh8
29.Rbd1 Ng3 30.Rfe1 Nf5 31.Re6 Qc5+ 32.Kh2 Rf8 33.Qd7 d4 34.Qc6 Qa7 35.Re8 Qf7
36.Rxf8+ Qxf8 37.cxd4 Qb8+ 38.Kg1 Nxd4 39.Qe4 Nf5 40.b4 h5 41.g4 Qa7+ 42.Kh2 Qf2+
43.Qg2 Be5+ 44.Kh1 Qxg2+  0-1

[Event "White Nights Open"]
[Site "St Petersburg RUS"]
[Date "2008.06.23"]
[Round "3"]
[White "Kondratiev,D"]
[Black "Utkin,Alek"]
[Result "1/2-1/2"]
[WhiteElo "2046"]
[BlackElo "2420"]

1.e4 g6 2.d4 Bg7 3.Nc3 c6 4.Nf3 d6 5.a4 Nf6 6.Be2 O-O 7.O-O Nbd7 8.Bf4 Nh5
9.Bg5 h6 10.Be3 e5 11.Qd2 Kh7 12.b4 exd4 13.Nxd4 Nhf6 14.Rad1 Re8 15.f3 Qe7
16.b5 Ne5 17.bxc6 bxc6 18.Nb3 Bf8 19.h3 Be6 20.Qd4 c5 21.Qd2 Rad8 22.Bb5 Nc4
23.Qe2 Nxe3 24.Qxe3 Bd7 25.Na5 Bg7 26.Nc6 Bxc6 27.Bxc6 Rf8 28.f4 Qc7 29.Bd5 Nd7
30.Nb5 Qb6 31.Kh1 a6 32.Na3 Qb4 33.Nc4 Nb6 34.Nxb6 Qxb6 35.e5 Qa5 36.Bb3 Qc7
37.e6 fxe6 38.Bxe6 Rde8 39.f5 gxf5 40.Rxf5 Kh8 41.Rxf8+ Rxf8 42.Qd2 Qe7 43.Bc4 Qh4
44.Qe2 Be5 45.Qd3 a5 46.Rf1 Rf6 47.Rxf6 Bxf6 48.Qf3 Qe1+ 49.Qf1 Qc3 50.Qd3 Qe5
51.Qe2 Qa1+ 52.Qf1 Qb2 53.Qe2 Be5 54.Qf1 Bg7 55.Qf3 Qc1+ 56.Bf1 Qxc2 57.Qa8+ Kh7
58.Qd5 Qb1 59.Qf3 c4 60.Kh2 Be5+ 61.g3 Qc2+ 62.Bg2 Kg7 63.Qb7+ Kf6 64.Qc7 Qf2
65.Qd8+ Kf7 66.Qd7+ Kf8 67.Qd8+ Kg7 68.Qd7+ Kg6 69.Qg4+ Kf6 70.Qh4+ Kg6 71.Qg4+ Kh7
72.Qd7+ Kg8 73.Qc8+ Kg7 74.Qg4+ Kf6 75.Qh4+ Ke6 76.Qxc4+ Kd7 77.Qg4+ Kc7
78.Qc4+  1/2-1/2

[Event "White Nights Open"]
[Site "St Petersburg RUS"]
[Date "2008.06.23"]
[Round "3"]
[White "Korchagina,V"]
[Black "Gugnin,R"]
[Result "1-0"]
[WhiteElo "2147"]
[BlackElo "2032"]

1.e4 g6 2.d4 Bg7 3.Nc3 c6 4.Bg5 Qb6 5.Nge2 Qxb2 6.Rb1 Qa3 7.Qd2 d6 8.f4 Qa5
9.e5 d5 10.Nc1 Qc7 11.Bd3 Nh6 12.O-O Nf5 13.N1e2 h5 14.Bxf5 Bxf5 15.Ng3 h4
16.Nxf5 gxf5 17.Rfe1 Na6 18.h3 O-O-O 19.Qf2 Rdg8 20.Bxh4 e6 21.Kh2 Bf8 22.Rb3 Be7
23.Bxe7 Qxe7 24.Reb1 Rh7 25.Nd1 Rd8 26.Qe2 Nb8 27.Nc3 Rd7 28.Na4 Rc7 29.Nc5 b6
30.a4 Qh4 31.a5 Qxf4+ 32.Kh1 Qxd4 33.axb6 axb6 34.Rxb6 Qxc5 35.Rxb8+ Kd7
36.Qa6 Qc4 37.Qa5 c5 38.Qb6 Rxh3+ 39.gxh3 Qe4+ 40.Kg1 Qe3+ 41.Kf1 Qf4+ 42.Ke1 Qxe5+
43.Kd1 Qd4+ 44.Kc1 Qe3+ 45.Kb2 Qd4+ 46.c3 Qd2+ 47.Kb3 c4+ 48.Kb4 Qa2 49.Qb5+ Kd6
50.Re1 Qb3+ 51.Ka5 Qxc3+ 52.Qb4+ Qxb4+ 53.Kxb4 e5 54.Rd8+ Ke6 55.Re8+ Kd6
56.R8xe5 Rb7+ 57.Kc3 Rb3+ 58.Kc2 Rxh3 59.Rxf5 Rh2+ 60.Kc1 d4 61.Rd1 d3 62.Rd2 Rh1+
63.Kb2 Rh4 64.Rxf7 Kc5 65.Kc3 Re4 66.Rf5+ Kd6 67.Rh2 Re2 68.Rxe2 dxe2 69.Kd2  1-0

[Event "Atlantis Promotiegroep"]
[Site "Groningen NED"]
[Date "2008.06.28"]
[Round "2"]
[White "Hummel,E"]
[Black "Hartoch,R"]
[Result "1/2-1/2"]
[WhiteElo "2209"]
[BlackElo "2228"]

1.Nc3 g6 2.d4 Bg7 3.e4 c6 4.Bc4 b5 5.Bb3 a5 6.a3 d6 7.Qf3 e6 8.Nge2 Ba6 9.Bf4 Qe7
10.e5 d5 11.h4 h6 12.Nd1 Nd7 13.Qg3 Qd8 14.c3 Ne7 15.Bc2 Qc7 16.b4 Bb7 17.O-O a4
18.Ne3 O-O-O 19.Ng4 Kb8 20.Qe3 h5 21.Nh2 Nb6 22.Nf3 Nc4 23.Qc1 Bc8 24.Ng5 Rdf8
25.Bg3 Bd7 26.Nf4 Qc8 27.Re1 Kb7 28.Bd3 Bh6 29.Ra2 Bxg5 30.hxg5 Qd8 31.Rae2 Rhg8
32.Bh4 Be8 33.f3 Rh8 34.g3 Rh7 35.Rh2 Rfh8 36.Kf2 Qd7 37.Be2 Nc8 38.Reh1 Qe7
39.Nd3 N8b6 40.Nc5+ Kc7 41.Bd3 Kb8 42.Ke2 Kc7 43.Kd1 Kb8 44.Kc2 Kc7 45.Kb1 Kb8
46.Ka2 Kc7 47.Qf4 Kc8 48.Qf6 Qd8 49.Re1 Nd7 50.Qf4 Nxc5 51.dxc5 Bd7 52.Rhe2 Kb7
53.Rd1 Qc7 54.Bc2 Qd8 55.Rd4 Qc7 56.Bd3 Qd8 57.Qf6 Rg8 58.Qf4 Re8 59.Qc1 Qc7
60.Qe1 Rg8 61.Rf4 Ra8 62.Rf6 Qd8 63.Qc1 Qe7 64.Qf4 Rg8 65.Qd4 Be8 66.Bxc4 bxc4
67.Qd1 Bd7 68.Qxa4 Ra8 69.Qc2 Rhh8 70.a4 Rxa4+ 71.Qxa4 Ra8 72.Qxa8+ Kxa8
73.Kb2 Be8 74.Rf4 Kb8 75.Re1 Qa7 76.Ra1 Qc7 77.Re1 Qa7 78.Ra1  1/2-1/2

[Event "World Open"]
[Site "Philadelphia USA"]
[Date "2008.07.02"]
[Round "1"]
[White "Urquhart,E"]
[Black "Hanken,J"]
[Result "1-0"]
[WhiteElo "2202"]
[BlackElo "1944"]

1.d4 g6 2.e4 Bg7 3.Nc3 c6 4.h3 b5 5.Nf3 b4 6.Na4 Nf6 7.e5 Nd5 8.a3 a5 9.c4 bxc3
10.bxc3 Nb6 11.Nxb6 Qxb6 12.Be3 Qc7 13.Bd3 Ba6 14.O-O O-O 15.Re1 d5 16.exd6 exd6
17.Bg5 Bxd3 18.Qxd3 Nd7 19.Re7 Rab8 20.Rae1 Rb5 21.c4 Rxg5 22.Nxg5 Bf6 23.Qg3 Bxe7
24.Rxe7 Qd8  1-0